000 00545nam a2200217Ia 4500
005 20250505124939.0
008 008 250505s9999 xx 000 0 eng d
037 _aTextbook
040 _aLCO
_beng
_cLCO
041 _aeng
_2eng
084 _aZ1 R1
_qLCO
100 _aSingh, Gurdip
245 0 _aInternational Law
_cGurdip Singh
250 _a3rd
260 _aLucknow, India
_bEastern Book Company
_c2021
300 _a749
365 _aINR
_b645
650 _aLaw
942 _cTB
_hZ1 R1
999 _c1310803
_d1310803